header

Enterprise guide to gaining business value from mobile technologies (Record no. 209946)

MARC details
000 -LEADER
fixed length control field 01350nam a22003374a 4500
082 04 - DEWEY DECIMAL CLASSIFICATION NUMBER
Classification number 338.064
100 1# - MAIN ENTRY--AUTHOR NAME
Personal name Kornak, Adam.
245 10 - TITLE STATEMENT
Title Enterprise guide to gaining business value from mobile technologies
260 ## - PUBLICATION, DISTRIBUTION, ETC. (IMPRINT)
Place of publication Hoboken, NJ :
Name of publisher Wiley,
Year of publication c2004.
300 ## - PHYSICAL DESCRIPTION
Number of Pages xix, 316 p. :
Other physical details ill.
650 #0 - SUBJECT ADDED ENTRY--TOPICAL TERM
Topical Term Mobile commerce.
Topical Term Mobile communication systems.
Topical Term Wireless communication systems.
700 1# - ADDED ENTRY--PERSONAL NAME
Personal name Teutloff, Jorn.
Personal name Welin-Berger, Michael.
856 40 - ELECTRONIC LOCATION AND ACCESS
Uniform Resource Identifier http://site.ebrary.com/lib/rucke/Doc?id=10114260

No items available.

© 2026 Rongo University
Contact us: librarian | system librarian | Rongo university